| 000 | 00572nam a2200157Ia 4500 | ||
|---|---|---|---|
| 008 | 260520s2022 xx 000 0 und d | ||
| 041 | _amar | ||
| 082 | _a923.2/PAT/MAN | ||
| 100 | _aमाने, राजा | ||
| 245 | _aमहाराष्ट्राचे शिल्पकार : वसंतदादा | ||
| 250 | _a2nd ed | ||
| 260 |
_aमुंबई _bमहाराष्ट्र राज्य साहित्य आणि संस्कृती मंडळ _c2022 |
||
| 300 | _a206p. | ||
| 500 | _aCat No: 15197 | ||
| 650 | _aBIOGRAPHIES | ||
| 999 |
_c1221921 _d1221921 |
||